000 00222nam a2200085Ia 4500
245 0 _aSense and sensibility
100 _a Austen, Jane, London, 2009
_924402
942 _cBK
008 210817s9999 xx 000 0 und d
999 _c427691
_d427690